00730nam a2200241 a 4500001001300000003000900013005001700022008004100039020002300080082001800103100002100121245002800142260003600170300000900206500003500215505004100250650002500291700002100316902000800337942000700345952011900352999001700471nice12345678IN_TiNIC20260116014604.0050524s2003 newa grp 000 0 eng  a8173040 c50000a954.0072bMUS aMushirul Hasan,  aMaking Sense of History aNew Delhi bManohar Pub. c2003 a518p aincludes index and biblioraphy2 aGlossary, Notes, Bibliography, Index aIndia-Historiography1 aMushirul Hasan,  bSRS cBK 001040708StackRoom-aHMIbHMId2007-04-03g500.00l0o954.0072 MUSp020888r2007-04-03v500.00w2005-05-24yBK c16105d16105